| 000 | 00943nam a2200265 i 4500 | ||
|---|---|---|---|
| 001 | bg | ||
| 245 | 0 | 0 |
_aHP IT technologia informacyjna. _nCz. 1, _pSprzęt i oprogramowanie / _cCisco Systems ; przekł. z ang. Krzysztof Zdrojewski, Sławomir Furmanek. |
| 260 |
_aWarszawa : _b"Mikom", _c2005. |
||
| 300 |
_a1075 s. : _bil. ; _c25 cm + _eCD ROM. |
||
| 500 | _aNa okł. podtyt: "oficjalny podręcznik akademii CNAP do kursu sponsorowanego przez Hewlett-Packard". | ||
| 504 | _aIndeks. | ||
| 650 | 9 |
_aKomputery _xbudowa i organizacja |
|
| 655 | _aPodręczniki | ||
| 700 | 1 |
_aZDROJEWSKI, Krzysztof. _eTł. |
|
| 700 | 1 |
_aFURMANEK, Sławomir. _eTł. |
|
| 710 | 0 | _aCisco Systems | |
| 020 | _a8372794669 | ||
| 040 | _cBPK | ||
| 041 | 1 |
_apol _heng |
|
| 080 | _a004(07) | ||
| 920 | _a83-7279-466-9 | ||
| 942 | _cKS | ||
| 008 | s pl f |000 0 pol | ||
| 999 |
_c46019 _d46019 |
||
| 856 |
_uhttp://koha.tu.koszalin.pl/cgi-bin/koha/opac-detail.pl?biblionumber=46019 _yKatalog online BPK |
||